000 01168cam a2200301 4500
001 23951
003 BD-RjUL
005 20211209001006.0
008 140312s19711968nyuabchj b 000 0beng
035 _a(BD-RjUL)24016
040 _aDLC
_cDLC
_dDLC
_beng
041 _aeng
082 0 0 _a973.410924
_bFLF 1971
100 1 _aFleming, Thomas J.
_952291
245 1 0 _aFirst in their hearts :
_ba biography of George Washington /
_c[by] Thomas J. Fleming. Illustrated with photos. and engravings.
250 _a[1st ed.]
260 _aNew York :
_bW. W. Norton,
_cC1968 [Edition 1971]
300 _a136 p. :
_billus., facsims., map, ports. ;
_c24 cm.
504 _aBibliography: p. 132-133.
520 _aA biography of the surveyor, militia major, and aide to the British General Braddock, who became leader of the American forces during the Revolution and first President of the new nation.
600 1 0 _aWashington, George,
_d1732-1799.
_973745
600 1 1 _aWashington, George,
_d1732-1799.
_973746
650 0 _aPresidents
_zUnited States
_xBiography.
_973259
650 1 _aPresidents.
_973744
942 _2ddc
_cBK
999 _c23951
_d23951